000 00510nam a2200133Ia 4500
008 100328s9999 xx 000 0 und d
082 _b7861
100 _aसावरकर
245 _aचाफेकर नि रानडे यांजवर फटका
260 _bकॉन्टीनेन्टल
630 _aचाफेकर नि रानडे यांजवर फटका
730 _aचाफेकर नि रानडे यांजवर फटका
942 _cBOOK
999 _c503665
_d503662